L' infinitif dit de narration
שמור ב:
| מחבר ראשי: | |
|---|---|
| פורמט: | ספר |
| שפה: | צרפתית |
| יצא לאור: |
París
Duculot
1998
|
| סדרה: | Collection Champs Linguistiques
|
| נושאים: | |
| תגים: |
הוספת תג
אין תגיות, היה/י הראשונ/ה לתייג את הרשומה!
|
MARC
| LEADER | 00000nam a2200000 a 4500 | ||
|---|---|---|---|
| 001 | UCP5200 | ||
| 003 | CL-VaPUC | ||
| 008 | 990903e19980000FR |||||||||||||||||fre|d | ||
| 082 | 0 | 4 | |a 410 |b ENG |2 21 |
| 100 | 0 | |a Englebert, Annick |e author |9 433370 | |
| 245 | 1 | 3 | |a L' infinitif dit de narration |
| 300 | |a 235 p | ||
| 942 | |c BK | ||
| 945 | |d 19990903 00:00:00 |a rbrito | ||
| 260 | |a París |b Duculot |c 1998 | ||
| 650 | 0 | |a Lingüística |9 265068 | |
| 650 | 0 | |a Análisis del discurso |9 256696 | |
| 650 | 0 | |a Gramática |9 270497 | |
| 650 | 0 | |a Semántica |9 265318 | |
| 650 | 0 | |a Morfología |9 334440 | |
| 583 | |a last modification |c 19990903 00:00:00 |k Rodrigo Vera | ||
| 490 | 0 | |a Collection Champs Linguistiques | |
| 999 | |c 282988 |d 282986 | ||
| 952 | |0 0 |1 0 |4 0 |6 410_000000000000000_ENG_1998 |7 0 |8 A |9 325726 |a BIBGIM |b BIBGIM |d 2019-11-20 |i 3500403 |o 410 ENG 1998 |p 3500403 |r 2025-01-15 |w 2019-11-20 |y BK |k GIM | ||